000 00409 a2200133 4500
003 Nust
005 20170207154042.0
040 _cNust
100 _aInternational Technical Support Organization
245 _aIntroduction to Networking Technologies (E-Book)
_cInternational Technical Support Organization
260 _aInternational Technical Support Organization
_bIBM
_c1994
300 _a222p;
651 _a(E-Book)
942 _2ddc
_cBK
999 _c192673
_d192673